Philosophers in One Word - Statistics

General Stats
  • This quiz has been taken 156 times
  • The average score is 8 of 22
Answer Stats
Hint Answer % Correct
Revolution Karl Marx
67%
Absurd Albert Camus
66%
Nihilism Friedrich Nietzsche
65%
Femminism Simone de Beauvoir
64%
Nausea Jean-Paul Sartre
43%
Water Thales
41%
Happiness Epicurus
39%
Atomism Democritus
38%
Ápeiron Anaximander
36%
Savage Jean-Jacques Rousseau
32%
Totalitarism Hannah Arendt
31%
Change Heraclitus
31%
Empirism John Locke
31%
Monad Gottfried Wilhelm von Leibniz
28%
Criticism Immanuel Kant
27%
Maya Arthur Schopenhauer
25%
Hyperuranion Plato
25%
Absolute Georg Wilhelm Friedrich Hegel
24%
Tolerance Voltaire
24%
Maieutics Socrates
22%
Substance Aristotle
19%
Innatism René Descartes
14%
No matching quizzes found
Score Distribution
Percent of People with Each Score
Percentile by Number Answered
Your Score History
You have not taken this quiz